000 00327nam a2200109Ia 4500
008 160531s9999 xx 000 0 und d
100 _aMcMurry, John E.
245 _aOrganic Chemistry With Biological Applications
245 _cBy:John E. McMurry
260 _c2014
856 _uhttp://file.ebook777.com/012/OrgCheWitBioApp.pdf
999 _c295060
_d295060